000 01112nam a2200253Ia 4500
999 _c35859
_d35859
001 1750
003 GE_BSU
005 20231002170042.0
008 181216s2001||||ge |||||||||||||| ||geo||
020 _a999401045X
040 _cGE_BSU
041 _ageo
080 _a343(479.22)(094.4) წ–85
100 _aწულაია, ზაურ
_912304
245 _aსისხლის სამართალი კერძო ნაწილი :
_bკერძო ნაწილი : (საქ. ახალი სისხლის სამართლის კოდექსის მიხედვით) /
_cზაურ წულაია.
250 _aმე-2 გამოცემა
264 _aთბილისი :
_bინტელექტი,
_c2001.
300 _a364 გვ;
_b19 სმ.
541 _h20ლ.
653 _aსამართალი
653 _aსისხლის სამართლის კერძო ნაწილი
700 _aმამულაიშვილი, გოჩა
_eრედაქტორი
_97762
942 _cBK
_2udc